000 00793nam a22002777a 4500
001 BR7500130
003 BR-BrBNA
005 20230928084710.0
007 ta
008 230509b bl.||||| |||| 00| 0 por d
040 _aBR-BrBNA
_bpor
_cBiblioteca Nacional de Agricultura
041 _a(Por)
072 _aE50
_b/G514
090 _ E50 BR7500130
110 1 _aInstituto Nacional de Colonizacao e Reforma Agraria, Brasilia, DF (Brasil)
245 1 _aCooperativa de eletrificacao rural, organizacao [Brasil]
260 3 _aBrasilia, DF (Brasil):
_c[nd].
300 _a31 p.
500 _aPublished after 1971
650 _aSociologia rural
650 _aCooperativa
650 _aEletrificacao rural
650 _aEstatuto
909 _a202309
_bLucia
_c55
_dLucia Elande
942 _cBK
999 _c20563
_d20563